Normal view
MARC view
Entry Personal Name
001 - CONTROL NUMBER
- control field: 28412
003 - CONTROL NUMBER IDENTIFIER
- control field: dpl
005 - DATE AND TIME OF LATEST TRANSACTION
- control field: 20110603144940.0
008 - FIXED-LENGTH DATA ELEMENTS
- fixed length control field: 110603|||a|||||| | ||| d
040 ## - CATALOGING SOURCE
- Original cataloging agency: dpl
- Transcribing agency: dpl
100 ## - HEADING--PERSONAL NAME
- Personal name: Piercy, Nigel F.
670 ## - SOURCE DATA FOUND
- Source citation: Work cat.: (dpl)30951: Cravens, David W. 28411, Strategic marketing , 2009
670 ## - SOURCE DATA FOUND
- Source citation: Work cat.: (dpl)30951: Cravens, David W. 28411, Strategic marketing , 2009
